000 00456nam a22001337a 4500
003 OSt
082 _a631
088 _aT568
100 _aSREERAG K P
_94226
245 _aFIELD TESTING OF A POWERED PADDY HILL SEEDER ATTACHMENT WITH AN OSCILLATING SINGLE CELL METERING ROLLER AND FURROW BOOT SHUTTER GATE MECHANISMS
260 _aThavanur
_DDepartment of farm machinery and power engineering
_c2023
700 _aManoj mathew(Guide)
_95412
942 _cTH
999 _c17651
_d17651